[Event "Kavala op"]
[Site "Kavala"]
[Date "1991.??.??"]
[Round "?"]
[White "Vragoteris, Antonios"]
[Black "Oreopoulos, Konstantinos"]
[Result "1-0"]
[WhiteElo "2350"]
[BlackElo "2215"]
[PlyCount "86"]
[EventDate "1991.??.??"]
[EventType "swiss"]
[EventRounds "9"]
[EventCountry "GRE"]
[SourceTitle "EXT 2003"]
[Source "ChessBase"]
[SourceDate "2002.11.25"]
[SourceVersion "1"]
[SourceVersionDate "2002.11.25"]
[SourceQuality "1"]

1. Nf3 e6 2. c4 d5 3. d4 c6 4. e3 f5 5. Be2 Nf6 6. 0-0 Bd6 7. b3 Qe7 8. a4 a5 9. Ba3 0-0 10. Bxd6 Qxd6 11. Qc2 Na6 12. Nbd2 Nb4 13. Qb2 b6 14. Rac1 Nd7 15. Rfd1 Bb7 16. Ne5 Nxe5 17. dxe5 Qe7 18. cxd5 exd5 19. f4 Rad8 20. Nb1 Rd7 21. Nc3 Rfd8 22. Na2 Qe6 23. Nxb4 axb4 24. a5 c5 25. Qc2 c4 26. axb6 Qxb6 27. Rd4 Rc7 28. Rb1 Rdc8 29. Qxf5 Rf8 30. Qh3 g5 31. f5 cxb3 32. Qg4 h6 33. f6 b2 34. Rxb2 Rc1+ 35. Kf2 Qc7 36. Qf5 Qf7 37. Rbxb4 Bc8 38. Qd3 Qe8 39. Rxd5 Be6 40. Rd6 Bf7 41. Qd4 Bg6 42. Rc4 Rxc4 43. Bxc4+ Kh8 1-0